[Event "FRA-ch op-C"]
[Site "Val d'Isere"]
[Date "2002.08.??"]
[Round "4.4"]
[White "Marchal, Stephane"]
[Black "Caron, Sebastien"]
[Result "1/2-1/2"]
[WhiteElo "1560"]
[BlackElo "1670"]
[PlyCount "64"]
[EventDate "2002.08.20"]
[EventType "swiss"]
[EventRounds "11"]
[EventCountry "FRA"]
[SourceTitle "EXT 2003"]
[Source "ChessBase"]
[SourceDate "2002.11.25"]
[SourceVersion "1"]
[SourceVersionDate "2002.11.25"]
[SourceQuality "1"]

1. e4 c5 2. Nf3 d6 3. d4 cxd4 4. Nxd4 Nf6 5. Nc3 g6 6. Be3 Bg7 7. Be2 0-0 8. 0-0 Nc6 9. Nf3 Bd7 10. h3 Rc8 11. Qd2 a6 12. Bh6 b5 13. Bxg7 Kxg7 14. a3 Qb6 15. Rfe1 Nd8 16. Rac1 Rc5 17. Bd3 a5 18. b4 axb4 19. axb4 Rc7 20. Nd5 Nxd5 21. exd5 Re8 22. Qe3 Qxe3 23. Rxe3 Ra7 24. Nd4 Rb7 25. Ra1 e5 26. dxe6 Nxe6 27. Nxe6+ Rxe6 28. Rxe6 fxe6 29. Ra6 d5 30. Ra5 Kf6 31. Kf1 Ke5 32. Ke2 Bc6 1/2-1/2